000 00977nam a22003017a 4500
001 000466
003 DO-SdBNP
005 20171108105632.0
007 000466
008 160905b 2004 ck ||||| |||| 00| 0 spa d
020 _a9587041550
040 _aBPMSU
_bspa
_cBPMSU
082 4 _a071.3
_bk88e
100 1 _aKovach, Bill
240 1 0 _aThe elements of journalism
_lEspañol
245 1 0 _aLos elementos del periodismo /
_cBill Kovach y Tom Rosenstiel ; traducción̤ Amado Diéguez Rodríguez.
260 _aBogotá :
_bEdiciones El Pais,
_c2004.
300 _a284 p. ;
_c24 cm.
500 _aIncluye datos de los autores en la solapa de la cubierta
650 4 _aÉTICA PERIODISTICA
650 4 _aPERIODISMO
_zESTADOS UNIDOS
700 1 2 _aRosenstiel, Tom
700 1 2 _aDiéguez Rodriguez, Amado,
_etr.
910 _aValidado.Control de calidad MFF
942 _2ddc
_cBK
945 _aInventariado, 2017/MFF
956 _2LOPEREZ
_310
_620160904
_8BPMSU
_a00041
999 _c11300
_d11300